Administración industrial y general: previsión, organización, mando, coordinación, control
Сохранить в:
| Главный автор: | |
|---|---|
| Формат: | |
| Язык: | испанский |
| Опубликовано: |
Santiago
Universitaria
1978
|
| Редактирование: | 3a. ed |
| Серии: | Cormorán. Colección Manuales y Monografías
|
| Предметы: | |
| Метки: |
Добавить метку
Нет меток, Требуется 1-ая метка записи!
|
MARC
| LEADER | 00000cam a2200000 a 4500 | ||
|---|---|---|---|
| 001 | UCY9531 | ||
| 003 | CL-VaPUC | ||
| 008 | 950717e19780300CL |||||||||||||||||spa|d | ||
| 082 | 0 | 4 | |a 658 |b FAY |2 21 |
| 100 | 0 | |a Fayol, Henri |e author |9 341807 | |
| 245 | 1 | 0 | |a Administración industrial y general: previsión, organización, mando, coordinación, control |
| 250 | |a 3a. ed | ||
| 300 | |a 151 p | ||
| 942 | |c BK | ||
| 945 | |d 19950717 00:00:00 |a cmena | ||
| 260 | |a Santiago |b Universitaria |c 1978 | ||
| 650 | 0 | |a Administración de empresas |9 260833 | |
| 650 | 0 | |a Gestión industrial |9 263790 | |
| 650 | 0 | |a Gestión de la producción |9 259467 | |
| 650 | 7 | |a PLANIFICACION |2 CL-VaPUC |9 260802 | |
| 583 | |a last modification |c 20170224 11:34:52 |k Rodrigo Vera | ||
| 490 | 0 | |a Cormorán. Colección Manuales y Monografías | |
| 999 | |c 236609 |d 236607 | ||
| 952 | |0 0 |1 0 |4 0 |6 658_000000000000000_FAY_1978 |7 0 |8 P |9 244809 |a BIBEDU |b BIBEDU |c BIBEDU_PB |d 2019-11-18 |i 153517K |o 658 FAY 1978 |p 153517K |r 2024-01-25 |w 2019-11-18 |y BK |k EDU | ||
| 952 | |0 0 |1 0 |4 0 |6 658_000000000000000_FAY_1978 |7 0 |8 P |9 244810 |a BIBEDU |b BIBEDU |c BIBEDU_PB |d 2019-11-18 |i 1535161 |o 658 FAY 1978 |p 1535161 |r 2024-01-25 |w 2019-11-18 |y BK |k EDU | ||
| 952 | |0 0 |1 0 |3 erb |4 0 |6 658_000000000000000_FAY_1978 |7 0 |8 A |9 244811 |a BIBENE |b BIBENE |i 532792K |o 658 FAY 1978 |p 532792K |r 2025-01-15 |w 2019-11-18 |y BK |z Catalogado en:20170226 |k ICO | ||